Esclavos en Coquimbo : espacios, identidad y doble dimensión de la servidumbre de origen africano (1702-1820) /

La provincia de Coquimbo fue una de las que tuvo mayor registro de negros y especialmente mulatos, en particular en el censo de 1813 en el territorio de Chile. Específicamente, fue el caso los esclavos, sobre todo la segunda mitad del siglo XVIII en adelante, siendo catalogados como mulatos. Se prop...

Descripción completa

Detalles Bibliográficos
Autor principal: Arre Marfull, Montserrat
Formato: Analitica de revista
Lenguaje:español
Publicado: Santiago, Chile Universidad Academia de Humanismo Cristiano 2010
Materias:
Acceso en línea:Acceso electrónico al artículo

MARC

LEADER 00000cab a2200000 a 4500
001 044449
003 UAHC_CL
005 20210909180112.0
008 090813s2010 cl 000 spa
040 |a UAHC_CL  |c UAHC_CL  |d UAHC_CL 
100 1 |a Arre Marfull, Montserrat 
245 1 0 |a Esclavos en Coquimbo :  |b espacios, identidad y doble dimensión de la servidumbre de origen africano (1702-1820) /  |c Montserrat Arre Marfull. 
260 |b Universidad Academia de Humanismo Cristiano  |c 2010  |a Santiago, Chile 
300 |a p. 85-106 
310 |a Anual. 
362 0 |a Año 1, no. 1 (nov. 2002)- . 
362 0 |a Año 1, no. 1 (nov. 2002)- . 
500 |a En: Tiempo Histórico. No. 1, 2010. pp. 85-106. ISSN. 0718-7432. 
500 |a En: Tiempo Histórico. No. 1, 2010. pp. 85-106. ISSN. 0718-7432. 
520 |a La provincia de Coquimbo fue una de las que tuvo mayor registro de negros y especialmente mulatos, en particular en el censo de 1813 en el territorio de Chile. Específicamente, fue el caso los esclavos, sobre todo la segunda mitad del siglo XVIII en adelante, siendo catalogados como mulatos. Se propone la idea de que debido a su distanciamiento real de las raíces africanas, los esclavos en la segunda mitad de este siglo fueron contenedores de una doble dimensión: una se debió al mestizaje biológico y cultural dentro de la región, y la otra se basó en el mantenimiento de una categoría inferior que se ubica en un rango servil de esclavos. 
520 |a La provincia de Coquimbo fue una de las que tuvo mayor registro de negros y especialmente mulatos, en particular en el censo de 1813 en el territorio de Chile. Específicamente, fue el caso los esclavos, sobre todo la segunda mitad del siglo XVIII en adelante, siendo catalogados como mulatos. Se propone la idea de que debido a su distanciamiento real de las raíces africanas, los esclavos en la segunda mitad de este siglo fueron contenedores de una doble dimensión: una se debió al mestizaje biológico y cultural dentro de la región, y la otra se basó en el mantenimiento de una categoría inferior que se ubica en un rango servil de esclavos. 
590 |a Nota de migración: referencia analitica PP174 
650 4 |a ESCLAVOS 
651 4 |a COQUIMBO (CHILE) 
653 |a LICENCIATURA EN HISTORIA 
653 |a PEDAGOGIA EN HISTORIA Y CIENCIAS SOCIALES 
759 |a PP174 
856 |u http://bibliotecadigital.academia.cl/xmlui/handle/123456789/403  |3 Acceso electrónico al artículo  |y Acceso electrónico al artículo 
856 |u http://bibliotecadigital.academia.cl/xmlui/handle/123456789/403  |3 Acceso electrónico al artículo  |y Acceso electrónico al artículo 
900 |a TIEMPO HISTORICO-01/10 
942 |c REVA 
952 |0 0  |1 0  |4 0  |6 TIEMPO_HISTORICO01_10_000000000000000  |7 0  |8 General  |9 82185  |a BC  |b BC  |c General  |d 2017-08-03  |l 0  |o TIEMPO HISTORICO-01/10  |p FICTICIO7848  |r 2019-01-08 00:00:00  |t 1  |w 2017-08-03  |y REVA 
999 |c 44449  |d 44449